[Event "2008 Standard Chess Dropout Tournament, Round 4"]
[Site "SchemingMind.com"]
[Date "2008.12.06"]
[Round "4"]
[White "Mekk"]
[Black "Ilang"]
[Result "0-1"]
[WhiteCountry "POL"]
[BlackCountry "HUN"]
[WhiteElo "1935"]
[WhiteRD "79"]
[BlackElo "2390"]
[BlackRD "74"]
[GameID "181299"]

1. e4 e5 2. Nc3 Nf6 3. Bc4 Nc6 4. d3 Na5 5. Nge2 Bc5 6. O-O O-O 7. Bg5 Nxc4 8. dxc4 c6 9. Qd3 h6 10. Bh4 Re8
11. a3 a5 12. Na4 Ba7 13. c5 g5 14. Bg3 d5 15. cxd6 b5 16. Nac3 Re6 17. Rfd1 b4 18. Na4 Ba6 19. Qxa6 Bxf2+ 20. Bxf2 Rxa6
21. Nc5 Rxd6 22. Rxd6 Qxd6 23. Nxa6 bxa3 24. bxa3 Nxe4 25. Rb1 Qxa3 26. Nb8 Qa2 27. Rc1 a4 28. Nxc6 Qc4 29. Ne7+ Kf8 30. Be3 Kxe7
31. Kf1 a3 32. Ke1 Qb4+ 33. c3 Qb2
0-1

[Event "2008 Standard Chess Dropout Tournament, Round 4"]
[Site "SchemingMind.com"]
[Date "2008.12.04"]
[Round "4"]
[White "Robert Pallett"]
[Black "demiurg"]
[Result "1/2-1/2"]
[WhiteCountry "ENG"]
[BlackCountry "HUN"]
[WhiteElo "2317"]
[WhiteRD "77"]
[BlackElo "2332"]
[BlackRD "69"]
[GameID "181300"]

1. e4 c5 2. Nf3 Nc6 3. Bb5 Na5 4. c3 a6 5. Ba4 b5 6. Bc2 Bb7 7. O-O e6 8. d4 cxd4 9. cxd4 Nf6 10. Re1 Rc8
11. Nc3 Be7 12. e5 Nd5 13. Nxd5 Bxd5 14. Be4 O-O 15. Qd3 h6 16. Bxd5 exd5 17. b3 Qb6 18. Bd2 Nc6 19. a3 a5 20. Rec1 Rc7
21. Bf4 Rb7 22. h3 Re8 23. Be3 Rc7 24. Qf5 Rec8 25. Qg4=
1/2-1/2

[Event "2008 Standard Chess Dropout Tournament, Round 4"]
[Site "SchemingMind.com"]
[Date "2008.12.06"]
[Round "4"]
[White "NimbleKnight"]
[Black "king3012"]
[Result "1/2-1/2"]
[WhiteCountry "USA"]
[BlackCountry "AUT"]
[WhiteElo "1990"]
[WhiteRD "119"]
[BlackElo "2436"]
[BlackRD "107"]
[GameID "181301"]

1. e4 c6 2. d4 d5 3. Nc3 dxe4 4. Nxe4 Bf5 5. Ng3 Bg6 6. Bc4 e6 7. N1e2 Nf6 8. O-O Bd6 9. f4 Bf5 10. Nxf5 exf5
11. Ng3 g6 12. Re1+ Kf8 13. Qf3 Kg7 14. Bd3 Rg8 15. Bd2=
1/2-1/2

[Event "2008 Standard Chess Dropout Tournament, Round 4"]
[Site "SchemingMind.com"]
[Date "2008.12.06"]
[Round "4"]
[White "Orange Lion"]
[Black "dadshane2000"]
[Result "1-0"]
[WhiteCountry "NED"]
[BlackCountry "USA"]
[WhiteElo "2340"]
[WhiteRD "93"]
[BlackElo "1936"]
[BlackRD "80"]
[GameID "181302"]

1. Nf3 c5 2. c4 Nf6 3. g3 b6 4. Bg2 Bb7 5. O-O g6 6. d4 cxd4 7. Qxd4 Nc6 8. Qf4 Bg7 9. Nc3 Rc8 10. Rb1 O-O
11. Rd1 d6 12. b3 Nh5 13. Qd2 Ne5 14. Nxe5 Bxg2 15. Nxg6 fxg6 16. Kxg2 Nf6 17. Bb2 Qd7 18. f3 Qc6 19. e4 Rc7 20. Re1 Rd7
21. Rbd1 Rfd8 22. Nd5 Qb7 23. Nxf6+ exf6 24. Qb4 Qc7 25. Rd5 Kf7 26. Red1 Qc6 27. Qd2 Ke6 28. Qf4 a6 29. a4 a5 30. h4 h6
31. h5 g5 32. Qf5+ Ke7 33. Qg6 Ke6 34. e5
1-0

[Event "2008 Standard Chess Dropout Tournament, Round 4"]
[Site "SchemingMind.com"]
[Date "2008.12.01"]
[Round "4"]
[White "Rimfaxe"]
[Black "Robert Pallett"]
[Result "1/2-1/2"]
[WhiteCountry "DEN"]
[BlackCountry "ENG"]
[WhiteElo "1888"]
[WhiteRD "122"]
[BlackElo "2293"]
[BlackRD "75"]
[GameID "181305"]

1. e4 c5 2. Nf3 Nc6 3. d4 cxd4 4. Nxd4 Nf6 5. Nc3 e5 6. Ndb5 d6 7. Bg5 a6 8. Na3 b5 9. Nd5 Be7 10. Bxf6 Bxf6
11. c3 O-O 12. Nc2 Bg5 13. a4 bxa4 14. Rxa4 a5 15. Bc4 Rb8 16. b3 Ne7 17. Nxe7+ Qxe7 18. Rxa5 Qc7 19. Ra1 Rxb3 20. Bxb3 Qxc3+
21. Ke2 Qxb3 22. Qd3 Qb6=
1/2-1/2

[Event "2008 Standard Chess Dropout Tournament, Round 4"]
[Site "SchemingMind.com"]
[Date "2008.12.05"]
[Round "4"]
[White "saxon"]
[Black "chesshub"]
[Result "1/2-1/2"]
[WhiteCountry "GER"]
[BlackCountry "FRA"]
[WhiteElo "2350"]
[WhiteRD "116"]
[BlackElo "2451"]
[BlackRD "67"]
[GameID "181306"]

1. e4 e5 2. Nf3 Nc6 3. Bb5 a6 4. Bxc6 dxc6 5. O-O Qd6 6. Na3 b5 7. c3 c5 8. Nc2 Bb7 9. Re1 Ne7 10. a4 c4
11. axb5 axb5 12. Rxa8+ Bxa8 13. Na3 Ng6 14. h4 Be7 15. Nxb5 Qc5 16. Na3 O-O 17. Qa4 Nxh4 18. Nxc4 Nxf3+ 19. gxf3 Bc6 20. Qa3 Qxa3
21. bxa3 f6 22. d4 Bb5 23. Ne3 Bd6 24. c4=
1/2-1/2

[Event "2008 Standard Chess Dropout Tournament, Round 4"]
[Site "SchemingMind.com"]
[Date "2008.12.06"]
[Round "4"]
[White "Silvy"]
[Black "heuschrecke"]
[Result "0-1"]
[WhiteCountry "ITA"]
[BlackCountry "GER"]
[WhiteElo "2298"]
[WhiteRD "99"]
[BlackElo "2510"]
[BlackRD "95"]
[GameID "181307"]

1. d4 d5 2. Nf3 Nf6 3. Bf4 c5 4. e3 Nc6 5. c3 Qb6 6. Qb3 c4 7. Qc2 Bf5 8. Qc1 Nh5 9. Bg5 f6 10. Bh4 g5
11. Bg3 e5 12. dxe5 Nxg3 13. hxg3 Nxe5 14. Nxe5 fxe5 15. Nd2 O-O-O 16. Be2 Bd3 17. Nf3 Bxe2 18. Kxe2 g4 19. Nxe5 Qe6 20. f4 gxf3+
21. Nxf3 Rg8 22. Rh3 Bh6 23. Qd2 Rge8 24. Re1 Bxe3 25. Qc2 h6 26. Kf1 Re7
0-1

[Event "2008 Standard Chess Dropout Tournament, Round 4"]
[Site "SchemingMind.com"]
[Date "2008.12.06"]
[Round "4"]
[White "Tanis"]
[Black "Mekk"]
[Result "0-1"]
[WhiteCountry "CHN"]
[BlackCountry "POL"]
[WhiteElo "2037"]
[WhiteRD "76"]
[BlackElo "1935"]
[BlackRD "79"]
[GameID "181308"]

1. e4 e6 2. d4 d5 3. Nc3 Nf6 4. Bg5 Be7 5. e5 Nfd7 6. Bxe7 Qxe7 7. f4 a6 8. Nf3 c5 9. Qd2 b5 10. O-O-O Nc6
11. g4 b4 12. Ne2 a5 13. Bg2 Ba6 14. h4 Nb6 15. b3 a4 16. h5 axb3 17. cxb3 c4 18. Neg1 Kd7 19. h6 g6 20. Kb1 cxb3
21. axb3 Na5 22. f5 Nxb3 23. Qe3 Bc4
0-1

[Event "2008 Standard Chess Dropout Tournament, Round 4"]
[Site "SchemingMind.com"]
[Date "2008.12.01"]
[Round "4"]
[White "time_pressure"]
[Black "Rimfaxe"]
[Result "1-0"]
[WhiteCountry "USA"]
[BlackCountry "DEN"]
[WhiteElo "2254"]
[WhiteRD "94"]
[BlackElo "1879"]
[BlackRD "127"]
[GameID "181310"]

1. d4 d5 2. Nf3 Nf6 3. Bf4 c5 4. e3 Nc6 5. dxc5 e6 6. Nc3 Bxc5 7. Bd3 a6 8. O-O O-O 9. e4 dxe4 10. Nxe4 Nxe4
11. Bxe4 Qb6 12. Ne5 Nxe5 13. Bxe5 f5 14. Bf3 Rd8 15. Qc1 Bd4 16. Bxd4 Rxd4 17. c3 Rd8 18. Re1 Bd7 19. Qc2 Rac8 20. Rad1 Kf7
21. Qe2 Bb5 22. Qe5 Rxd1 23. Bxd1 Rc5 24. Qb8 Rd5 25. Qh8 Kg6 26. Qg8 Rd6 27. a4 Bc4 28. Qe8+ Kf6 29. Bh5 Qc7 30. Qh8 h6
31. Qf8+ Kg5 32. Bf7
1-0

[Event "2008 Standard Chess Dropout Tournament, Round 4"]
[Site "SchemingMind.com"]
[Date "2008.12.06"]
[Round "4"]
[White "traxla"]
[Black "dmichael"]
[Result "0-1"]
[WhiteCountry "USA"]
[BlackCountry "USA"]
[WhiteElo "2060"]
[WhiteRD "118"]
[BlackElo "2447"]
[BlackRD "83"]
[GameID "181311"]

1. d4 d5 2. c4 e6 3. Nc3 c6 4. Nf3 dxc4 5. e3 b5 6. a4 Bb4 7. Bd2 a5 8. axb5 Bxc3 9. Bxc3 cxb5 10. b3 Bb7
11. bxc4 b4 12. Bb2 Nf6 13. Bd3 Nbd7 14. O-O Qc7 15. d5 O-O 16. e4 Nc5 17. Be5 Qe7 18. Re1 Rfc8 19. h3 Nfd7 20. d6 Qf8
21. Bg3 e5 22. Bc2 f6 23. Nh4 g6 24. Qg4 Qg7 25. Rad1 b3 26. Bd3 a4 27. Qe2 a3 28. f3 Rc6
0-1

[Event "2008 Standard Chess Dropout Tournament, Round 5"]
[Site "SchemingMind.com"]
[Date "2009.06.28"]
[Round "5"]
[White "fer_even"]
[Black "time_pressure"]
[Result "1-0"]
[WhiteCountry "ARG"]
[BlackCountry "USA"]
[WhiteElo "2579"]
[WhiteRD "107"]
[BlackElo "2341"]
[BlackRD "90"]
[GameID "209784"]

1. d4 Nf6 2. c4 g6 3. Nc3 Bg7 4. e4 d6 5. Nf3 O-O 6. Be2 c5 7. d5 Qb6 8. O-O Re8 9. h3 Bd7 10. a3 a5
11. Qc2 Na6 12. Re1 Nc7 13. e5 dxe5 14. Nxe5 Bf5 15. Bd3 e6 16. Bxf5 gxf5 17. Bf4 exd5 18. Qxf5 Qe6 19. Qd3 a4 20. Nf3 dxc4
21. Qf1 Qc6 22. Bxc7 Qxc7 23. Qxc4 b6 24. Rxe8+ Nxe8 25. Re1 Nd6 26. Qg4 Qc6 27. Ne5 Qb7 28. Rd1 f5 29. Qg3 Ne4 30. Nxe4 Qxe4
31. f4 Kh8 32. Nf7+ Kg8 33. Rd7 Qc6 34. Ne5 Qf6 35. Qf3 Re8 36. Qd5+
1-0

[Event "2008 Standard Chess Dropout Tournament, Round 5"]
[Site "SchemingMind.com"]
[Date "2009.06.28"]
[Round "5"]
[White "time_pressure"]
[Black "C. H. O'D. Schlechter"]
[Result "1-0"]
[WhiteCountry "USA"]
[BlackCountry "USA"]
[WhiteElo "2371"]
[WhiteRD "93"]
[BlackElo "2429"]
[BlackRD "82"]
[GameID "209785"]

1. e4 e6 2. d4 d5 3. Nd2 Nf6 4. e5 Nfd7 5. Bd3 c5 6. c3 Nc6 7. Ngf3 g6 8. O-O Bg7 9. Bb5 O-O 10. Nb3 c4
11. Nbd2 Ne7 12. Re1 Nb6 13. Nf1 a6 14. Ba4 Nxa4 15. Qxa4 Bd7 16. Qd1 h6 17. Ne3 Nf5 18. Ng4 Qe7 19. Bf4 Kh7 20. Qd2 Bc6
21. h4 a5 22. Kh2 b5 23. Rac1 b4 24. Rh1 Rac8 25. Kg1 bxc3 26. Rxc3 h5 27. Bg5 Qb7 28. Nf6+ Bxf6 29. Bxf6 Rb8 30. b3 a4
31. Ng5+ Kg8 32. g4 Ng7 33. Ne4 Kh7 34. Nc5 Qc7 35. Bxg7 Kxg7 36. gxh5 axb3 37. axb3 Qe7 38. Rhh3 cxb3 39. Nxb3 Ba4 40. Nc5 Rb1+
41. Rc1 Rxc1+ 42. Qxc1 Be8 43. hxg6 Kxg6 44. Qb1+ Kg7 45. Rg3+ Kh8 46. Kh2 Rg8 47. Rxg8+ Kxg8 48. Kg3 f6 49. Qb8 Qf7 50. exf6 Qg6+
51. Kf3 Qxf6+ 52. Ke3
1-0

[Event "2008 Standard Chess Dropout Tournament, Round 5"]
[Site "SchemingMind.com"]
[Date "2009.06.28"]
[Round "5"]
[White "C. H. O'D. Schlechter"]
[Black "heuschrecke"]
[Result "1/2-1/2"]
[WhiteCountry "USA"]
[BlackCountry "GER"]
[WhiteElo "2446"]
[WhiteRD "84"]
[BlackElo "2490"]
[BlackRD "112"]
[GameID "209786"]

1. e4 c5 2. Nf3 d6 3. d4 cxd4 4. Nxd4 Nf6 5. Nc3 a6 6. f4 Nbd7 7. Be2 g6 8. O-O Bg7 9. a4 O-O 10. Be3 Qc7
11. Bf3 Nb6 12. Kh1 Nc4 13. Bc1 Bd7 14. Nde2 Rac8 15. Qd3 Na5 16. b3 Nc6 17. Ba3 Qb6 18. a5 Qc7 19. b4 Na7 20. Bb2 Nb5
21. Rac1 Nxc3 22. Nxc3 Be6 23. Ne2 Bc4 24. Qe3 Nd5 25. Qa3=
1/2-1/2

[Event "2008 Standard Chess Dropout Tournament, Round 5"]
[Site "SchemingMind.com"]
[Date "2009.06.23"]
[Round "5"]
[White "king3012"]
[Black "John Elburg"]
[Result "1/2-1/2"]
[WhiteCountry "AUT"]
[BlackCountry "NED"]
[WhiteElo "2479"]
[WhiteRD "113"]
[BlackElo "2382"]
[BlackRD "111"]
[GameID "209787"]

1. e4 e5 2. Nf3 Nc6 3. Bc4 Nf6 4. Ng5 d5 5. exd5 Na5 6. Bb5+ c6 7. dxc6 bxc6 8. Be2 h6 9. Nh3 g5 10. d3 Bg7
11. Nc3 O-O 12. Ng1 Nb7 13. Nf3 Nd5 14. O-O Nd6 15. Ne4 f5 16. Nxd6 Qxd6 17. Re1 g4 18. Nd2 Qg6 19. Bf1 f4 20. c4 Nf6
21. Qc2 Bf5 22. Ne4 Rad8 23. Bd2 Nxe4 24. dxe4 Bxe4 25. Rxe4 Rxd2 26. Qxd2 Qxe4 27. Bd3 Qd4 28. Qe2 e4 29. Bxe4 Qxb2 30. Qxb2 Bxb2
31. Rd1 c5= 32. Rd7 Bd4 33. Rxa7 g3 34. hxg3 fxg3 35. Bd5+ Kh8 36. Ra8 Rxa8 37. Bxa8 gxf2+ 38. Kf1 Kg7 39. a4 Bc3 40. Kxf2 Kf6
41. Bd5 Ke5 42. Kg3 Bb4 43. Kg4 Kf6 44. Kf4 Bc3 45. Ke4 Ke7 46. Kf5 Kd6 47. Kg6 Bd2 48. g3 Kc7 49. a5 Bxa5 50. Kxh6 Kd6
51. g4 Ke7 52. g5 Kf8= 53. Kg6 Bc3 54. Kf5 Kg7 55. Bg2=
1/2-1/2

[Event "2008 Standard Chess Dropout Tournament, Round 5"]
[Site "SchemingMind.com"]
[Date "2009.06.27"]
[Round "5"]
[White "John Elburg"]
[Black "Sebastian Strauchler"]
[Result "1-0"]
[WhiteCountry "NED"]
[BlackCountry "ARG"]
[WhiteElo "2407"]
[WhiteRD "101"]
[BlackElo "2164"]
[BlackRD "117"]
[GameID "209788"]

1. e4 c5 2. Nf3 Nc6 3. d4 cxd4 4. Nxd4 g6 5. Nc3 Bg7 6. Be3 Nf6 7. Bc4 O-O 8. Bb3 a5 9. f3 d5 10. Bxd5 Nxd5
11. exd5 Nb4 12. Nde2 e6 13. a3 Nxd5 14. Nxd5 exd5 15. Bd4 Bh6 16. O-O Re8 17. Bf2 Qg5 18. Re1 Bd7 19. Qd4 Bc6 20. Qc5 Bf8
21. Qc3 a4 22. Nd4 Bg7 23. Rad1 Rac8 24. Rxe8+ Rxe8 25. Qb4 Bf8 26. Qa5 Qf6 27. g3 Bg7 28. c3 Bf8 29. Rd2 Bh6 30. f4 g5
31. Nxc6 bxc6 32. Qxa4 gxf4 33. Rxd5 fxg3 34. hxg3 Qg6 35. Rd4 Bg5 36. Qd1 Re6 37. Rb4 h5 38. Qf3 h4 39. gxh4 Bxh4+ 40. Rg4 Bg5
41. a4 Re5 42. Kg2 f5 43. Qf4 fxg4 44. Qxe5 Bc1 45. b4 Qd3 46. Qe6+ Kh7 47. Qxg4 Qxc3 48. a5 Qa1 49. Qe4+ Kg8 50. Qg6+
1-0

[Event "2008 Standard Chess Dropout Tournament, Round 5"]
[Site "SchemingMind.com"]
[Date "2009.06.27"]
[Round "5"]
[White "Sebastian Strauchler"]
[Black "pjl1015"]
[Result "1/2-1/2"]
[WhiteCountry "ARG"]
[BlackCountry "USA"]
[WhiteElo "2164"]
[WhiteRD "117"]
[BlackElo "2381"]
[BlackRD "106"]
[GameID "209789"]

1. e4 c5 2. Nf3 Nc6 3. c3 d5 4. exd5 Qxd5 5. d4 Nf6 6. Be2 e6 7. Na3 cxd4 8. Nb5 Bd6 9. Bc4 Qe4+ 10. Be3 Bb8
11. Nbxd4 Ng4 12. Nxc6 Qxc6 13. Qd3 O-O 14. O-O-O h6 15. h4 a6 16. Bb3 a5 17. Nd4 Qa6 18. Bc4 Qb6 19. Bb3 Nxe3 20. fxe3 e5
21. Nf5 Bxf5 22. Qxf5 Qxe3+ 23. Kb1 Ra6 24. Bxf7+ Kh8 25. Bg6 Raf6 26. Qe4 Qb6 27. h5 Rf2 28. b3 Bd6 29. Qd5 Ba3 30. Bc2 Qe3
31. Qe4 Qxe4 32. Bxe4 b5 33. Rhe1 Bb2 34. Rd3 b4 35. cxb4 axb4 36. Rf3 R8xf3 37. Bxf3 Bd4 38. Re2 Rxe2 39. Bxe2 e4 40. Bc4 g5
41. hxg6 Kg7 42. Bf7 h5 43. Kc2 Kf6 44. Kd2 h4=
1/2-1/2

[Event "2008 Standard Chess Dropout Tournament, Round 5"]
[Site "SchemingMind.com"]
[Date "2009.06.27"]
[Round "5"]
[White "pjl1015"]
[Black "dmichael"]
[Result "0-1"]
[WhiteCountry "USA"]
[BlackCountry "USA"]
[WhiteElo "2381"]
[WhiteRD "106"]
[BlackElo "2472"]
[BlackRD "90"]
[GameID "209790"]

1. e4 c5 2. Nf3 d6 3. d4 cxd4 4. Nxd4 Nf6 5. Nc3 a6 6. Be3 e5 7. Nb3 Be6 8. Be2 Nbd7 9. f4 Rc8 10. O-O Be7
11. f5 Bc4 12. Bxc4 Rxc4 13. Qd3 Rc8 14. Rf3 b5 15. Rg3 O-O 16. a4 b4 17. Nd5 Nxd5 18. exd5 Nf6 19. Bh6 Nh5 20. Rh3 Bg5
21. Rxh5 Bxh6 22. Re1 Re8 23. Re2 a5 24. Kf1 Bg5 25. Nxa5 Qxa5 26. Rxg5 Qxa4 27. Qg3 Qa1+ 28. Kf2 Qa7+ 29. Kf1 g6 30. Rg4 Qa1+
31. Qe1 Qxb2 32. Rxb4 Qa3 33. f6 h5 34. Rbe4 Rb8 35. Qd2 Kh7 36. Rh4 Rb1+ 37. Kf2 Ra8 38. Qg5 Qc5+ 39. Re3 Qxc2+ 40. Re2 Qf5+
41. Qxf5 gxf5 42. Rxh5+ Kg6 43. Rh3 Rd1 44. Rb3 Rxd5 45. Rb1 Rd3 46. g3 e4
0-1

[Event "2008 Standard Chess Dropout Tournament, Round 5"]
[Site "SchemingMind.com"]
[Date "2009.06.24"]
[Round "5"]
[White "dmichael"]
[Black "chesshub"]
[Result "1/2-1/2"]
[WhiteCountry "USA"]
[BlackCountry "FRA"]
[WhiteElo "2472"]
[WhiteRD "90"]
[BlackElo "2506"]
[BlackRD "68"]
[GameID "209791"]

1. d4 Nf6 2. c4 e6 3. Nf3 b6 4. g3 Ba6 5. b3 Bb4+ 6. Bd2 Be7 7. Bg2 c6 8. Bc3 d5 9. Nbd2 Nbd7 10. e4 dxe4
11. Ne5 Bb7 12. Qe2 h6 13. O-O O-O 14. Rad1 Qc7 15. Nxe4 Nxe5 16. Nxf6+ Bxf6 17. dxe5 Be7 18. Rd3 Rad8 19. Rfd1 c5 20. Rxd8 Rxd8
21. Rxd8+ Bxd8 22. Bxb7 Qxb7 23. Qd3 Bc7 24. f3 Qa6 25. a4 Qc8 26. Kf2 g6 27. f4 Kf8 28. h3 Bd8 29. Bd2 Ke8 30. Qe4 Qd7
31. Ke2 Kf8 32. Qd3 Qe8 33. Qf3 Qd7 34. f5 exf5 35. Bxh6+ Kg8 36. Qd5 Qe8 37. Kd3 Bc7 38. Bf4 Kg7 39. h4 a6 40. Kd2 a5
41. Kc2 Kh7 42. Kd2 Kg7 43. Kc2 Kh7 44. Kd2 Kg7 45. Kc2=
1/2-1/2

[Event "2008 Standard Chess Dropout Tournament, Round 5"]
[Site "SchemingMind.com"]
[Date "2009.06.23"]
[Round "5"]
[White "chesshub"]
[Black "king3012"]
[Result "1/2-1/2"]
[WhiteCountry "FRA"]
[BlackCountry "AUT"]
[WhiteElo "2482"]
[WhiteRD "70"]
[BlackElo "2479"]
[BlackRD "113"]
[GameID "209792"]

1. c4 c5 2. Nf3 Nf6 3. Nc3 e6 4. g3 b6 5. Bg2 Bb7 6. O-O Be7 7. d4 cxd4 8. Qxd4 d6 9. Rd1 a6 10. b3 Nbd7
11. e4 Qc8 12. Bb2 O-O 13. Qe3 Re8 14. Nd4 Bf8 15. h3 Qc7 16. Re1 g6 17. Rad1 Rad8 18. Qd2 Bg7 19. Nc2 Nc5 20. Ba1 Bc6
21. Nb4 Bb7 22. Nc2 Bc6 23. Nb4 Bb7 24. Nc2 Bc6=
1/2-1/2

[Event "2008 Standard Chess Dropout Tournament, Round 5"]
[Site "SchemingMind.com"]
[Date "2009.06.23"]
[Round "5"]
[White "HanadaNo3"]
[Black "fjpv"]
[Result "1/2-1/2"]
[WhiteCountry "USA"]
[BlackCountry "POR"]
[WhiteElo "2476"]
[WhiteRD "92"]
[BlackElo "2465"]
[BlackRD "81"]
[GameID "209793"]

1. e4 e5 2. Nf3 Nf6 3. Nxe5 d6 4. Nf3 Nxe4 5. Nc3 Nxc3 6. dxc3 Be7 7. Be3 O-O 8. Qd2 Re8 9. O-O-O Nc6 10. Bc4 Bf5
11. Rhe1 Qd7 12. Kb1= Be4 13. Bd5 Bf6 14. Bf4 Bxd5 15. Qxd5 Ne7 16. Qd3 Ng6 17. Bg3 Rxe1 18. Rxe1 Re8 19. Rxe8+=
1/2-1/2

[Event "2008 Standard Chess Dropout Tournament, Round 5"]
[Site "SchemingMind.com"]
[Date "2009.06.23"]
[Round "5"]
[White "fjpv"]
[Black "Robert Pallett"]
[Result "1/2-1/2"]
[WhiteCountry "POR"]
[BlackCountry "ENG"]
[WhiteElo "2481"]
[WhiteRD "79"]
[BlackElo "2289"]
[BlackRD "84"]
[GameID "209794"]

1. e4 c5 2. d4 cxd4 3. c3 Nf6 4. e5 Nd5 5. Nf3 Nc6 6. cxd4 d6 7. Bc4 Nb6 8. Bb5 dxe5 9. Nxe5 Bd7 10. Bxc6 Bxc6
11. Nxc6 bxc6 12. O-O e6 13. Nc3 Be7 14. Bf4 O-O 15. Rc1 Qd7 16. Be5 Nc4 17. Qe2 Nxe5 18. dxe5 Rfd8 19. g3 Rab8= 20. Rfd1 Qc7
21. b3 Qa5 22. Rxd8+ Rxd8 23. f4 Ba3 24. Rd1 Rxd1+ 25. Nxd1 Qd5 26. Nf2 Bc5 27. Kf1=
1/2-1/2

[Event "2008 Standard Chess Dropout Tournament, Round 5"]
[Site "SchemingMind.com"]
[Date "2009.06.23"]
[Round "5"]
[White "Robert Pallett"]
[Black "Ilang"]
[Result "0-1"]
[WhiteCountry "ENG"]
[BlackCountry "HUN"]
[WhiteElo "2279"]
[WhiteRD "83"]
[BlackElo "2406"]
[BlackRD "90"]
[GameID "209795"]

1. e4 e5 2. Nf3 Nc6 3. Bb5 a6 4. Ba4 Nf6 5. O-O Be7 6. Re1 b5 7. Bb3 O-O 8. c3 d5 9. exd5 Nxd5 10. Nxe5 Nxe5
11. Rxe5 c6 12. d4 Bd6 13. Re1 Qh4 14. g3 Qh3 15. Be3 Bg4 16. Qd3 f5 17. f4 Rae8 18. Nd2 Rf6 19. Qf1 Qh5 20. Qg2 Kf8
21. Qf2 Rfe6 22. Bxd5 cxd5 23. a4 bxa4 24. Rxa4 Qf7 25. Nf3 Bxf3 26. Qxf3 Qb7 27. Re2 Qb5 28. Ra1 a5 29. Rae1 Kg8 30. Kf2 Rh6
31. Qg2 a4 32. Bc1 Re4 33. Kg1 Qb3 34. Re3 Rhe6 35. Qe2 Rxe3 36. Bxe3 a3 37. Qa6 axb2
0-1

[Event "2008 Standard Chess Dropout Tournament, Round 5"]
[Site "SchemingMind.com"]
[Date "2009.06.24"]
[Round "5"]
[White "Silvy"]
[Black "HanadaNo3"]
[Result "1/2-1/2"]
[WhiteCountry "ITA"]
[BlackCountry "USA"]
[WhiteElo "2296"]
[WhiteRD "105"]
[BlackElo "2438"]
[BlackRD "85"]
[GameID "209798"]

1. e4 c5 2. Nf3 Nc6 3. d3 d6 4. g3 g6 5. Bg2 Bg7 6. O-O e5 7. c3 Nge7 8. a3 O-O 9. b4 Bg4 10. h3 Be6
11. Nbd2 h6 12. Re1 Qd7 13. Kh2 b6 14. Bb2 b5 15. bxc5 dxc5 16. Nb3 Qd6 17. Bc1 Rfd8 18. Be3 Qxd3 19. Nxc5 Qxc3 20. Qb1 Nd4
21. Rc1 Qa5 22. Nb7 Qb6 23. Nxd8 Rxd8 24. Qb2 Nec6 25. Rab1 a6 26. Qc3 Na5 27. a4 Nc4 28. axb5 axb5 29. Rd1 Nxe3 30. fxe3 Rc8
31. Qd3 Bc4 32. Qd2 Nxf3+ 33. Bxf3 Qc6 34. Qd7 Qc5=
1/2-1/2

[Event "2008 Standard Chess Dropout Tournament, Round 6"]
[Site "SchemingMind.com"]
[Date "2009.11.08"]
[Round "6"]
[White "heuschrecke"]
[Black "John Elburg"]
[Result "1/2-1/2"]
[WhiteCountry "GER"]
[BlackCountry "NED"]
[WhiteElo "2483"]
[WhiteRD "118"]
[BlackElo "2416"]
[BlackRD "98"]
[GameID "225292"]

1. e4 e5 2. Nf3 Nc6 3. Bb5 a6 4. Ba4 Nf6 5. O-O Be7 6. Re1 b5 7. Bb3 O-O 8. c3 d5 9. exd5 Nxd5 10. Nxe5 Nxe5
11. Rxe5 c6 12. d4 Bd6 13. Re1 Qh4 14. g3 Qh3 15. Be3 Bg4 16. Qd3 Rae8 17. Nd2 Re6 18. a4 bxa4 19. Rxa4 f5 20. Qf1 Qh5
21. f4 Rfe8 22. Qf2 g5 23. fxg5 f4 24. gxf4 Bh3 25. Nc4 Bxf4 26. Ne5 Bxe5 27. dxe5 Rxe5 28. Qg3 Qxg5 29. Rxa6 Qxg3+ 30. hxg3 Be6
31. Bf2 Rxe1+ 32. Bxe1 Nb4 33. Bxe6+ Rxe6 34. Ra8+ Kf7 35. Ra7+ Kg6 36. Bf2 Nd3 37. b4 Re2 38. Bd4 Kf5 39. Kf1 Rc2 40. Re7 h5
41. Re2=
1/2-1/2

[Event "2008 Standard Chess Dropout Tournament, Round 6"]
[Site "SchemingMind.com"]
[Date "2009.11.08"]
[Round "6"]
[White "dmichael"]
[Black "fer_even"]
[Result "1/2-1/2"]
[WhiteCountry "USA"]
[BlackCountry "ARG"]
[WhiteElo "2497"]
[WhiteRD "91"]
[BlackElo "2532"]
[BlackRD "97"]
[GameID "225293"]

1. d4 d5 2. c4 dxc4 3. Nf3 Nf6 4. e3 e6 5. Bxc4 c5 6. O-O a6 7. dxc5 Qxd1 8. Rxd1 Bxc5 9. Nbd2 O-O 10. Be2 Rd8
11. a3 Be7 12. b4 Bd7 13. Nc4 Nd5 14. Bb2 Bb5 15. Nd4 Nc6 16. Nxb5 axb5 17. Nd2 Bf6 18. Bxf6 gxf6 19. Nb3 Nc3 20. Rxd8+ Rxd8
21. Bf3 Ra8 22. g4 Kg7=
1/2-1/2

[Event "2008 Standard Chess Dropout Tournament, Round 6"]
[Site "SchemingMind.com"]
[Date "2009.11.08"]
[Round "6"]
[White "fer_even"]
[Black "Ilang"]
[Result "1-0"]
[WhiteCountry "ARG"]
[BlackCountry "HUN"]
[WhiteElo "2549"]
[WhiteRD "99"]
[BlackElo "2382"]
[BlackRD "93"]
[GameID "225294"]

1. d4 d5 2. c4 c6 3. Nf3 Nf6 4. Nc3 e6 5. Bg5 h6 6. Bh4 dxc4 7. e4 g5 8. Bg3 b5 9. Be2 Bb4 10. Qc2 Nbd7
11. O-O Bb7 12. Rad1 O-O 13. h4 Nh5 14. e5 Nxg3 15. fxg3 gxh4 16. gxh4 Qe7 17. Qc1 Bxc3 18. bxc3 Kg7 19. Qf4 c5 20. a4 a6
21. dxc5 Qxc5+ 22. Kh1 Qe7 23. Rd6 f5 24. Nd4 Nc5 25. Nxf5+ Rxf5 26. Qg4+ Rg5 27. hxg5 Qxg5 28. Rf4 Qxg4 29. Bxg4 Bd5 30. a5 h5
31. Bxh5 Rh8 32. Rg4+ Kh6 33. Bf7 Rc8 34. Kh2 Rb8 35. Rg8 Rxg8 36. Bxg8 b4 37. Bxe6 Nxe6 38. Rxd5 bxc3 39. Rd1 c2 40. Rc1 Nd4
41. g4 Kg5 42. e6 Kf6 43. Kg2 Kxe6 44. Kf2 Ke5 45. Ke3 Nb3 46. Rxc2 Nxa5 47. Ra2 Nc6 48. Rxa6 Ne7 49. Ra5+ Nd5+ 50. Kf3 Kd4
51. g5 c3 52. Ke2 Ke4 53. Kd1 Ne7 54. Ra7 Ng6 55. Rf7 Ke5 56. Kc2 Nh4 57. Kxc3
1-0

[Event "2008 Standard Chess Dropout Tournament, Round 6"]
[Site "SchemingMind.com"]
[Date "2009.11.08"]
[Round "6"]
[White "Ilang"]
[Black "heuschrecke"]
[Result "1/2-1/2"]
[WhiteCountry "HUN"]
[BlackCountry "GER"]
[WhiteElo "2382"]
[WhiteRD "93"]
[BlackElo "2477"]
[BlackRD "117"]
[GameID "225295"]

1. e4 c5 2. Nf3 Nc6 3. d4 cxd4 4. Nxd4 Nf6 5. Nc3 e5 6. Ndb5 d6 7. Bg5 a6 8. Na3 b5 9. Nd5 Be7 10. Bxf6 Bxf6
11. c3 Ne7 12. Nxf6+ gxf6 13. Bd3 Bb7 14. Qe2 d5 15. O-O-O Qb6 16. f4 Qe6 17. fxe5 fxe5 18. exd5 Bxd5 19. Rhe1 f6 20. Nc2 O-O
21. Nd4 Qf7 22. Nf5 Nxf5 23. Bxf5 Rad8 24. Rd3 Bc4 25. Qg4+ Kh8 26. Rh3 Rg8 27. Qh4 Rg7 28. Rxe5 Bxa2 29. Re1 Bb3 30. Bd3 Rd7
31. Rhe3 Rg5 32. Rh3 Rg7 33. Rhe3 Rg5 34. Rh3 Rg7 35. Qf4 Re7 36. Rxe7 Qxe7 37. Re3 Qd8 38. g3 Rd7 39. Qf5 Kg8 40. Qg4+ Kh8
41. Qf5 Bg8 42. Bc2 Kg7 43. Re4 Kh8 44. h4 Rd6 45. g4 Qb6 46. b3 Re6 47. h5 Rxe4 48. Qxe4 Qc5 49. Kb2 a5 50. Qf4 Qg5
51. Qd4 Kg7 52. Bf5 b4 53. cxb4 axb4 54. Qxb4 Bf7 55. Qe7 Qd2+ 56. Bc2 Qd4+= 57. Ka2 Qa4+ 58. Kb1 Qf4 59. Bxh7 Qxg4 60. h6+ Kxh7
61. Qxf7+ Kxh6 62. Qxf6+ Kh7 63. Qf7+ Kh6 64. Qf8+ Kh7 65. Qf7+ Kh8 66. Kc2 Qd1+ 67. Kc3 Qd4+ 68. Kxd4
1/2-1/2